000
00280nam a2200121Ia 4500
999
_c
14323
_d
14323
008
260210s9999 xx 000 0 und d
020
_a
9780727764638
082
_a
666.982
100
_a
Dhir
245
0
_a
Recycled Aggregates: Use In Concrete
260
_b
TTL
942
_c
UG
_2
ddc